Score 0/84 Timer 04:00
17 Plays Today
Hint Answer % Correct
2014/15Everton
92.4%
2015/16Everton
92.4%
2005/06Everton
91.8%
1992/93Manchester City
91.4%
2008/09Manchester City
91.3%
2007/08Manchester City
91.3%
2002/03Manchester City
91.3%
2015/16Chelsea
90%
2019/20Southampton
88.9%
2018/19West Ham United
88.9%
2017/18Newcastle United
88.7%
2000/01Newcastle United
88.6%
1999/00Newcastle United
88.6%
2013/14Newcastle United
88.5%
1995/96Chelsea
88.5%
1994/95Chelsea
88.5%
1992/93Chelsea
88.5%
2016/17West Ham United
88.1%
2019/20Burnley
87.6%
2007/08Tottenham Hotspur
87.2%
2004/05Tottenham Hotspur
87.2%
2002/03Tottenham Hotspur
87.2%
2001/02Tottenham Hotspur
87.2%
1999/00Tottenham Hotspur
87.2%
1998/99Tottenham Hotspur
87.2%
1996/97Tottenham Hotspur
87.2%
2012/13West Ham United
86.5%
2008/09West Ham United
86.5%
Hint Answer % Correct
2005/06West Ham United
86.5%
2007/08West Ham United
86.5%
1999/00West Ham United
86.5%
1995/96West Ham United
86.5%
2010/11Aston Villa
84%
2006/07Aston Villa
84%
2004/05Aston Villa
84%
1993/94Aston Villa
84%
2010/11Sunderland
83.5%
2018/19Leicester City
83.1%
2017/18Leicester City
82.4%
2001/02Southampton
81.3%
2000/01Southampton
81.2%
1994/95Southampton
81.2%
2019/20Sheffield United
80.5%
2014/15Stoke City
78.9%
2016/17West Bromwich Albion
78.6%
2011/12West Bromwich Albion
78.5%
1992/93Arsenal
78.3%
2010/11West Bromwich Albion
78.2%
2013/14Stoke City
77.6%
2009/10Stoke City
77.5%
2015/16Stoke City
77.5%
2012/13Swansea City
74%
2011/12Swansea City
74%
1996/97Leeds United
73.4%
2012/13Norwich City
71.6%
2011/12Fulham
71.1%
Hint Answer % Correct
2003/04Fulham
71.1%
2018/19Watford
71.1%
2017/18Crystal Palace
70.7%
2014/15Crystal Palace
70.4%
1998/99Leicester City
70.3%
1997/98Leicester City
70.3%
1996/97Leicester City
70.3%
2009/10Blackburn Rovers
70%
2006/07Blackburn Rovers
70%
2001/02Blackburn Rovers
70%
2013/14Crystal Palace
68.1%
2016/17Bournemouth
66.5%
2009/10Birmingham City
65.2%
2003/04Birmingham City
65.2%
2003/04Middlesbrough
63.7%
2002/03Middlesbrough
63.7%
1998/99Middlesbrough
63.7%
2006/07Portsmouth
62.8%
1993/94Queens Park Rangers
59.8%
2008/09Wigan Athletic
53.5%
2005/06Wigan Athletic
53.5%
1997/98Derby County
52.4%
1995/96Nottingham Forest
52.1%
2004/05Charlton Athletic
49.4%
2000/01Charlton Athletic
49.4%
1997/98Coventry City
40%
1993/94Coventry City
40%
1994/95Wimbledon
39.6%
Remove Ads.
Support Sporcle.
Get the best of Sporcle when you Go Orange. This ad-free experience offers more features, more stats, and more fun while also helping to support Sporcle. Thank you for becoming a member.

You're not logged in!

Compare scores with friends on all Sporcle quizzes.
OR
Log In

Sporcle TV

Today on Sporcle TV


Watch our educational content, quiz creation guides, and fun videos on Sporcle TV.

Show Comments

Extras

Top Quizzes Today


Score Distribution

Paid Content

Your Account Isn't Verified!

In order to create a playlist on Sporcle, you need to verify the email address you used during registration. Go to your Sporcle Settings to finish the process.

Report this User

Report this user for behavior that violates our Community Guidelines.

Details: